000 00373cam a22000977a 4500
008 180718b1952 xxu||||| |||| 00| 0 eng d
082 _aR64011x5411 As72r/1949-50
245 _aAnnual report on the working of the Indian boilers act (Act V of 1923) in the state of Asaam for the year 1949-50
_cby Government of Assam
260 _aShillong
_bGovernment Press
_c1952
300 _a7p
999 _c503704
_d503704